000 00847nam2a2200253 4500
001 rc\3058529
005 20260315070500.0
035 _a(NLR Aleph) 007197489
090 _a13626883
_c13626883
100 _a20111013d1935 u y0rusy50 ca
101 0 _arus
102 _aRU
105 _ay z |||||
200 1 _aПетербург-Москва
205 _a2-е изд.
210 _d1935
461 0 _1001rc\3058528
_12001#$aОктябрьская железная дорога$eВып. 1 -$vВып. 1
_99525371
_cЛенинград
_d1935
_n"История фабрик и заводов"
_oВып. 1 -
_tОктябрьская железная дорога
_vВып. 1
700 1 _aВеликин
_bБ.
801 0 _aRU
_bNLR
_gpsbo
801 1 _aRU
_bELAR
_2rusmarc
852 _aNLR
_j35-17/286
942 _cUNSPEC
980 _aNB